Tilastot visalle Luxemburgia lähimmät maat

Klikkaa tästä pelataksesi tätä visaa!

Yleistilastot

  • Tätä visaa on pelattu 23 kertaa
  • Keskiarvotulos 17 / 20

Vastaustilastot

kmmaa% Oikein
64Alankomaat
100%
0Ranska
100%
0Saksa
100%
0Belgia
95%
338Liechtenstein
95%
555Tanska
95%
366Italia
90%
321Itävalta
90%
337Yhdistynyt
kuningaskunta
90%
811Espanja
85%
602Puola
85%
732Ruotsi
85%
768Slovakia
85%
227Sveitsi
85%
766San Marino
80%
401Tšekki
80%
767Unkari
75%
641Monaco
65%
630Slovenia
65%
694Kroatia
60%

Tulosjakauma

Persentiili vastausten määrän mukaan

Jokaisen tuloksen saaneiden osuus

Tuloshistoriasi

Et ole pelannut tätä visaa